000 00590nam a2200229Ia 4500
003 OSt
005 20220925190024.0
006 a|||||r|||| 00| 0
007 ta
008 220923b |||||||| |||| 00| 0 eng d
037 _cGeneral Book
040 _aRTL
_cRTL
_beng
041 _2eng
_aeng
082 _aX62.2.N80<N77r, M0
110 _aCANARA BANK
245 0 _aAnnual report 1977.
260 _aBangalore
_bCanara bank
_c1980
300 _av.p.
_ccm.
700 _aCANARA BANK
942 _hX62.2.N80<N77r, M0
_cGB
_2CC
999 _c513027
_d513027